Elektrická trakcia 1

Bibliographic Details
Main Author: Jansa, František, 1903-1998 (Author)
Format: Book
Language:Slovak
PhysicalDescription:446 strán ilustrácie 21 cm
Published: Bratislava Alfa 1976
Edition:1. vyd.
Series:Edícia elektrotechnickej literatúry
Subjects:

MARC

LEADER 00000cam a2200000 a 4500
001 vtls001266543
003 SK-MaSNL
005 20260301234601.0
008 240226s1976 xo a frnp 001 0 slo
015 |a SNBA1976 
020 |q (viazané) 
035 |a SNK000217487 
035 |a 04E2AA87-4C66-4290-87FA-723DDCF3F250 
035 |a urn:nbn:sk:snk-am00iirw 
040 |a SNK  |b slo  |c SNK  |e AACR2 
041 0 |a slo 
044 |a xo  |c SK 
072 7 |a 621.3  |x Elektrotechnika  |2 konspekt 
072 7 |a 37.016  |x Učebné osnovy. Vyučovacie predmety. Učebnice  |2 konspekt 
072 7 |a 656.2  |x Železničná doprava  |2 konspekt 
080 |a 621.33  |2 2011 
080 |a (075)  |2 2011 
080 |a 656.2  |2 2011 
100 1 |a Jansa, František,  |d 1903-1998  |4 aut  |9 182997 
245 1 0 |a Elektrická trakcia  |n 1  |c František Jansa 
250 |a 1. vyd. 
260 |a Bratislava  |b Alfa  |c 1976 
300 |a 446 strán  |b ilustrácie  |c 21 cm 
366 |e 2500 kusov 
490 1 |a Edícia elektrotechnickej literatúry 
504 |a Obsahuje bibliografiu a register 
650 0 7 |a elektrická trakcia  |2 SNKPH  |9 68152 
650 0 7 |a železničná doprava  |2 SNKPH  |9 3185 
655 7 |a učebnice vysokých škôl  |2 SNKPH  |9 70191 
830 0 |a Edícia elektrotechnickej literatúry  |9 270875 
852 |a Slovenská národná knižnica 
954 |a odborná, vedecká literatúra cudzojazyčná (svetová)  |2 lita 
954 |a odborná, vedecká literatúra pôvodná (slovenská)  |2 lita 
958 |a RK 
958 |a TL 
958 |a OND 
958 |a NB 
958 |a UV 
958 |a EUIPO 
999 |c 970779  |d 972709 
952 |a SNK  |b SNK  |y PREZ  |7 0  |p 17A0979774  |o snkSC 38847/1  |i snkKSP 3688/76  |0 0  |1 0  |4 0  |d 2012-12-05  |f 1  |l 0  |r 2025-10-10 00:00:00  |w 2026-02-24 
952 |a SNK  |b SNK  |y VYP  |7 0  |p 17A0018727  |o snkSC 38847/1 D1  |0 0  |1 0  |4 0  |d 1996-11-18  |l 0  |r 2005-01-01 00:00:00  |w 2026-02-24